جمال ندیم : (Record no. 192371)

MARC details
000 -LEADER
fixed length control field 00627nam a22001937a 4500
005 - DATE AND TIME OF LATEST TRANSACTION
control field 20220920121806.0
010 ## - LCCN (DPL NO)
LC control number UR-11729
020 ## - INTERNATIONAL STANDARD BOOK NUMBER
International Standard Book Number 9789392496516
Terms of availability 200.00
035 ## - SYSTEM CONTROL NUMBER
System control number U-10284
037 ## - SOURCE OF ACQUISITION
Source of stock number/acquisition DBAD/PUB
Stock number -
082 ## - DEWEY DECIMAL CLASSIFICATION NUMBER
Classification number 841
100 ## - MAIN ENTRY--PERSONAL NAME
Personal name ندیم مرزا
245 ## - TITLE STATEMENT
Title جمال ندیم :
Remainder of title شعری مجموع /
Statement of responsibility, etc ندیم مرزا
Medium ا ر د و
246 ## - VARYING FORM OF TITLE
Title proper/short title Jamaal-E-Nadeem /
Remainder of title by Nadeem Mirza
260 ## - PUBLICATION, DISTRIBUTION, ETC. (IMPRINT)
Place of publication, distribution, etc New Delhi
Name of publisher, distributor, etc Educational Publishing House
Date of publication, distribution, etc 2021 ء
270 ## - ADDRESS
Address H.o. D1/16, Ansari Road, Darya Ganj
City New Delhi
Postal code 110002
300 ## - PHYSICAL DESCRIPTION
Extent 128 ص
Dimensions 22cm(pbk)
942 ## - ADDED ENTRY ELEMENTS (KOHA)
Source of classification or shelving scheme Dewey Decimal Classification
Item type Urdu Bks
Classification part 841
Call number suffix ن د ی
Holdings
Withdrawn status Lost status Not for loan Collection code Home library Current library Date acquired Source of acquisition Cost, normal purchase price Full call number Barcode Copy number Cost, replacement price Koha item type
      Non-fiction Sarojini Nagar Sarojini Nagar 20/09/2022 DBAD/PUB 200.00 841 ن د ی U-10284 1 200.00 Urdu Bks

© Delhi Public Library
Hit Counter
free hit counter